It looks like you're offline.
Open Library logo
additional options menu

MARC Record from Library of Congress

Record ID marc_loc_2016/BooksAll.2016.part33.utf8:85184580:877
Source Library of Congress
Download Link /show-records/marc_loc_2016/BooksAll.2016.part33.utf8:85184580:877?format=raw

LEADER: 00877cam a22002534a 4500
001 2005930384
003 DLC
005 20060831113633.0
008 050707s2005 inua 000 0 eng
010 $a 2005930384
020 $a1587201585 (alk. paper)
040 $aDLC$cDLC$dDLC
042 $apcc
050 00 $aTK5105.5$b.E4352 2006
082 00 $a004.6$222
100 1 $aEmpson, Scott.
245 10 $aCCNA portable command guide :$bCCNA self-study /$cScott Empson.
250 $a1st ed.
260 $aIndianapolis, IN :$bCisco Press,$cc2006.
300 $axxiv, 288 p. :$bill. ;$c23 cm.
650 0 $aComputer networks$xExaminations$vStudy guides.
650 0 $aInternetworking (Telecommunication)$xExaminations$vStudy guides.
650 0 $aElectronic data processing personnel$xCertification.
856 41 $3Table of contents only$uhttp://www.loc.gov/catdir/toc/fy0611/2005930384.html